000 00375nam a2200133Ia 4500
005 20260328104300.0
008 260328s9999||||xx |||||||||||||| ||und||
100 _aMillert, Jeannette
245 0 _aNoemi Ruiz y la poesia Visual del trĂ³pico /
_cJeannette Millert
260 _bUniversidad interamericana de Puerto Rico
300 _a163 p.
650 _aARTE
942 _cBK
999 _c10573
_d10573